000 00819nam a2200193 i 4500
001 32335
003 ES-MaACL
005 20250901101512.0
007 t|
008 030131s1899 sp |||| | spa d
100 1 _aBenito y Endara, Lorenzo,
_d1855-1932
_927698
245 1 4 _aLas cámaras de comercio
_b: conferencia dada en el Ateneo Mercantil de Valencia el 15 de marzo de 1899 /
_cLorenzo Benito y Endara.
260 _aMadrid :
_b[s.n.,
_c1899] (
_fImp. de la Revista de Legislación y Jurisprudencia)
300 _a21 p. ;
_c21 cm.
650 7 _aCámaras de comercio
_2embne
_9135862
710 2 _aAteneo Mercantil (Valencia)
_92050
852 _aES-MaACL
_jT-921-F-1-
_z- Enc. hol., conservando cub. original
_z.- Dedicatoria autógrafa del autor
_z- Enc. en un vol. facticio
999 _c32335
_d32335